Retrouve les chansons de Mylène Farmer - Statistiques

Statistiques générales
  • Ce quiz a été pris 64 fois
  • Le résultat moyen est 15 sur 23
Answers on the Grid
Answers color-coded by a green-red scale on the quiz's grid according to % correct below.
Libertine
Shame on you
Que mon coeur lâche
Je t'aime mélancolie
A tout jamais
Fuck them all
Monkey me
Gourmandises
L'âme stram gram
L'instant X
XXL
L'emprise
A l'ombre
Lonely Lisa
Maman a tort
Je vais vite
Les épines du coeur
Appelle mon numéro
Place des grands hommes
La nuit je mens
Des larmes
Pourvu qu'elles soient douces
Beyond my control
Les mots
City of love
Optimistique-moi
Rolling stone
Sans logique
Sans contrefaçon
Sans amertume
 
Statistiques - réponses
Réponse % Correct
Libertine
98%
Sans contrefaçon
89%
L'instant X
87%
Maman a tort
87%
Pourvu qu'elles soient douces
83%
XXL
83%
Je t'aime mélancolie
81%
L'âme stram gram
79%
Les mots
70%
Monkey me
68%
Optimistique-moi
66%
Que mon coeur lâche
64%
Appelle mon numéro
62%
Fuck them all
60%
L'emprise
58%
A tout jamais
57%
Lonely Lisa
55%
Rolling stone
55%
Sans logique
51%
Beyond my control
49%
A l'ombre
47%
Des larmes
47%
City of love
45%
Aucun quiz correspondant
Distribution des résultats
% des personnes avec chaque résultat
Percentile par nombre de réponses
Votre historique - résultats
Vous n’avez pas pris ce quiz